000
00309nam a2200133Ia 4500
005
20260328104304.0
008
260328s9999||||xx |||||||||||||| ||und||
100
_a
Plutarco
245
0
_a
Vidas Paralelas /
_c
Plutarco
260
_b
Vergara
300
_a
843 p.
650
_a
HISTORIA Y CRITICA
942
_c
BK
999
_c
10697
_d
10697